[Event "Foment Martinenc op-B 18th"]
[Site "Barcelona"]
[Date "2016.05.21"]
[Round "5"]
[White "Brunet Gil, Pol"]
[Black "Gibert Juan, Ramon"]
[Result "0-1"]
[WhiteElo "1436"]
[BlackElo "1650"]
[PlyCount "38"]
[EventDate "2016.04.23"]
[EventType "swiss"]
[EventRounds "9"]
[EventCountry "ESP"]
[SourceTitle "EXT 2017"]
[Source "ChessBase"]
[SourceDate "2016.10.25"]
[SourceVersion "1"]
[SourceVersionDate "2016.10.25"]
[SourceQuality "1"]

1. e4 e5 2. Nf3 Nc6 3. d4 exd4 4. Nxd4 d5 5. Bb5 Nge7 6. Nc3 dxe4 7. Nxe4 a6 8. Bxc6+ Nxc6 9. Nxc6 Qxd1+ 10. Kxd1 bxc6 11. Re1 Be6 12. Bf4 Rd8+ 13. Kc1 Bd6 14. Bd2 0-0 15. b3 Ba3+ 16. Kb1 Bf5 17. Bc3 Bxe4 18. b4 Rd7 19. Be5 Rfd8 0-1